000
00349 a2200169 4500
001
185689
020
_a
85-7319-449-9
040
_c
Magnum
100
_a
Caruso, Carla
240
1
0
_a
Bichos da praia
_l
por
245
1
0
_a
Bichos da praia
300
_a
32
362
0
_a
2004
440
1
_a
Dimensão
697
_a
LITERATURA INFANTIL
942
_c
BK
999
_c
185689
_d
185689